Pokémon, die mit F beginnen - Statistiken

Allgemein
  • Dieses Quiz wurde 29 mal gespielt
  • Das Durchschnittsergebnis liegt bei 39 aus 64
Antwortstatistiken
Nr. Typ Name % Korrekt
155 Feuer Feurigel
100%
136 Feuer Flamara
94%
79 Wasser, Psycho Flegmon
94%
58 Feuer Fukano
94%
700 Fee Feelinara
89%
174 Normal, Fee Fluffeluff
89%
362 Eis Firnontor
83%
478 Eis, Geist Frosdedje
83%
194 Wasser, Boden Felino
78%
499 Feuer, Kampf Ferkokel
78%
309 Elektro Frizelbliz
78%
261 Unlicht Fiffyen
72%
669 Fee Flabébé
72%
498 Feuer Floink
72%
303 Stahl, Fee Flunkifer
72%
470 Pflanze Folipurba
72%
521 Normal, Flug Fasasnob
67%
456 Wasser Finneon
67%
500 Feuer, Kampf Flambirex
67%
255 Feuer Flemmli
67%
670 Fee Floette
67%
671 Fee Florges
67%
618 Boden, Elektro Flunschlik
67%
906 Pflanze Felori
61%
915 Normal Ferkuli
61%
554 Feuer Flampion
61%
555 Feuer Flampivian
61%
205 Käfer, Stahl Forstellka
61%
916 Normal Fragrunz
61%
996 Drache, Eis Frospino
61%
762 Pflanze Frubaila
61%
761 Pflanze Frubberl
61%
854 Geist Fatalitee
56%
509 Unlicht Felilou
56%
907 Pflanze Feliospa
56%
663 Feuer, Flug Fiaro
56%
566 Gestein, Flug Flapteryx
56%
293 Normal Flurmel
56%
541 Käfer, Pflanze Folikon
56%
957 Fee, Stahl Forgita
56%
351 Normal Formeo
56%
763 Pflanze Fruyal
56%
727 Feuer, Unlicht Fuegro
56%
653 Feuer Fynx
56%
925 Normal Famieps
50%
655 Feuer, Psycho Fennexis
50%
725 Feuer Flamiau
50%
973 Flug, Kampf Flaminkno
50%
987 Geist, Fee Flatterhaar
50%
527 Psycho, Flug Fleknoil
50%
528 Psycho, Flug Fletiamo
50%
615 Eis Frigometri
50%
656 Wasser Froxy
50%
913 Wasser Fuentente
50%
631 Feuer Furnifraß
50%
235 Normal Farbeagle
44%
632 Käfer, Stahl Fermicula
44%
955 Psycho Flattutu
44%
684 Fee Flauschling
44%
972 Geist Friedwuff
44%
1021 Elektro, Drache Furienblitz
44%
1013 Pflanze, Geist Fatalitcha
39%
974 Eis Flaniwal
39%
981 Normal, Psycho Farigiraf
33%
Keine übereinstimmenden Quizze gefunden
Verteilung der Resultate
Anzahl Personen mit jedem Resultat
Perzentil nach korrekt beantworteten Fragen
Ihre Resultats-Entwicklung
Sie haben dieses Quiz noch nicht gespielt